Marketing research : (رقم التسجيلة. 26195)
[ عرض عادي ]
| 000 -الفاتح | |
|---|---|
| حقل البيانات ثابتة الطول | 00856cam a2200253 a 4500 |
| 001 - رقم الضبط | |
| رقم الضبط | 16850722 |
| 003 - محدد رقم الضبط | |
| رقم الضبط | OSt |
| 005 - وقت وتاريخ اخر تعامل مع التسجيلة | |
| رقم الضبط | 20150408114102.0 |
| 008 - عناصر البيانات ثابتة الطول - معلومات عامة | |
| حقل البيانات ثابتة الطول | 110630s2011 enka 000 0 eng |
| 010 ## - رقم ضبط مكتبة الكونجرس | |
| رقم ضبط مكتبة الكونجرس | 2011027689 |
| 020 ## - الرقم الدولى المعيارى للكتب | |
| الرقم الدولى المعيارى للكتاب | 9780273718703 (pbk.) |
| 040 ## - مصدر الفهرسة | |
| وكالة الفهرسة الأصلية | DLC |
| وكالة النسخ | DLC |
| وكالة التعديل | DLC |
| 042 ## - رمز التحقق | |
| رمز التحقق | pcc |
| 050 00 - رقم طلب مكتبة الكونجرس | |
| رقم التصنيف | HF5415.2 |
| رقم المادة | .W558 2011 |
| 082 00 - رقم تصنيف ديوى العشرى | |
| رقم التصنيف | 658.83 |
| رقم الطبعة | 23 |
| رقم المادة | W A M |
| 100 1# - المدخل الرئيسى - إسم شخصى | |
| الإسم الشخصى | Wilson, Alan M. |
| 9 (RLIN) | 17757 |
| 245 10 - بيان العنوان | |
| العنوان | Marketing research : |
| بقية العنوان | an integrated approach / |
| بيان المسئوليه,etc | Alan Wilson. |
| 250 ## - بيان الطبعة | |
| بيان الطبعة | 3rd ed. |
| 260 ## - PUBLICATION, DISTRIBUTION, ETC. (IMPRINT) | |
| مكان الناشر او الموزع | Harlow, England ; |
| -- | New York : |
| اسم الناشر او الموزع | Financial Times/Prentice Hall, |
| تاريخ النشر أو التوزيع | c2011. |
| 300 ## - الوصف المادى | |
| التعداد | xxii, 410 p. : |
| تفاصيل ماديه اخرى للوعاء | col. ill. ; |
| أبعاد الوعاء | 27 cm. + |
| المادة المصاحبة | 1 CD-ROM (4 3/4 in.) |
| 650 #0 - المدخل الاضافى بالموضوع-مصطلح موضوعى | |
| مصطلح موضوعي أو اسم جغرافي كعنصر مدخل | Marketing research. |
| 942 ## - عناصر المدخل الإضافي( كوها) | |
| مصدر التصنيف او مخطط الترفيف | Dewey Decimal Classification |
| Koha [default] item type | كتاب |
| حالة الفقد | نموذج السعر الفعال | حالة تلف | ليس للاعارة | رقم الطلب | تاريخ الاكتساب | الموقع الحالي | الباركود | الفرع الرئيسي | Date last seen | نوع المادة فى نظام كوها | مصدر التصنيف او خطة الترفيف | Total Checkouts |
|---|---|---|---|---|---|---|---|---|---|---|---|---|
| 2013-03-10 | 658.83 W A M | 2012-11-30 | المكتبة المركزية بالمجمعة (CL) | 07000000010205 | المكتبة المركزية بالمجمعة (CL) | 2013-03-10 | كتاب | Dewey Decimal Classification | ||||
| 2013-03-10 | 658.83 W A M | 2012-11-30 | المكتبة المركزية بالمجمعة (CL) | 07000000010204 | المكتبة المركزية بالمجمعة (CL) | 2013-03-10 | كتاب | Dewey Decimal Classification |
